[Event "JPN-ch (Women)"]
[Site "Tokyo"]
[Date "2018.08.04"]
[Round "3"]
[White "Yamada, Yuki"]
[Black "Ishii, Koto"]
[Result "0-1"]
[WhiteElo "814"]
[BlackElo "1108"]
[PlyCount "48"]
[EventDate "2018.08.04"]
[EventType "swiss"]
[EventRounds "6"]
[EventCountry "JPN"]
[SourceTitle "CBM 186 Extra"]
[Source "ChessBase"]
[SourceDate "2018.08.24"]
[SourceVersion "1"]
[SourceVersionDate "2018.08.24"]
[SourceQuality "1"]

1. e4 e5 2. Nf3 Nc6 3. Bb5 d6 4. 0-0 Bd7 5. c3 Nf6 6. d3 g6 7. Re1 a6 8. Ba4 Bg7 9. Nbd2 0-0 10. Nf1 Be6 11. Ng3 h6 12. d4 exd4 13. cxd4 d5 14. exd5 Bxd5 15. Bc2 Bxf3 16. Qxf3 Nxd4 17. Qd1 c5 18. h4 Nxc2 19. Qxc2 Ng4 20. f3 Bd4+ 21. Be3 Bxe3+ 22. Rxe3 Nxe3 23. Qxc5 Qd2 24. Qxe3 Qxe3+ 0-1